01669nam a2200505 i 450000100060000000300090000600500170001500800390003201500180007102000150008903500230010403500360012703500140016303500210017703500230019803500440022104000280026504100080029304600090030108000100031008000110032008000120033110000300034324501000037326000560047330000470052933600270057633700540060333800280065738000160068538000270070138500390072838800100076750400260077765000280080365800280083165500350085965000210089465000150091565000140093070000450094470000290098971000470101885600980106544956KOSZ 00520191008114848.0040705s2004 pl a f f |000 0 pol aPB 2004/13574 a8373351728 a991024165559705066 a(PL-WaBN)b16594393-48omnis_nlop ab16594393 a(OCoLC)749322734 a(PL)b0000001659439 a(EXLNZ-48OMNIS_NETWORK)9910267431405606 aWA NcWA NdKOSZ 005/HR0 apol k2004 a669.1 a621.74 a(075.8)1 aCholewa, MirosławeAutor10aPodstawy procesów metalurgicznych /cMirosław Cholewa, Józef Gawroński, Marian Przybył. aGliwice :bWydaw. Politechniki Śląskiej,c2004. a199, [1] s. :brys., tab., wykr. ;c24 cm. 2rdacontentaTekstbtxt 2rdamediaaBez urządzenia pośredniczącegobn 2rdacarrieraWoluminbnc aKsiążki aPublikacje dydaktyczne aPoziom nauczaniamSzkoły wyższe a2001- aBibliogr. s. 196-199. 7aSurówka hutnicza2DBN aInżynieria i technika 7aPodręczniki akademickie2DBN 7aOdlewnictwo2DBN 7aMetalurgia 7aStal2DBN1 aGawroński, Józefd(1933-2006)eAutor1 aPrzybył, Marian.eAutor2 aWydawnictwo Politechniki Śląskiej4pbl uhttp://koha.tu.koszalin.pl/cgi-bin/koha/opac-detail.pl?biblionumber=44956yKatalog online BPK